Modern French Course (Record no. 1221117)

MARC details
000 -LEADER
fixed length control field 00484nam a2200193Ia 4500
008 - FIXED-LENGTH DATA ELEMENTS--GENERAL INFORMATION
fixed length control field 151121s9999||||xx |||||||||||||| ||und||
082 ## - DEWEY DECIMAL CLASSIFICATION NUMBER
Classification number 445/DON
082 ## - DEWEY DECIMAL CLASSIFICATION NUMBER
Item number HNW-20384
100 ## - MAIN ENTRY--PERSONAL NAME
Personal name Dondo Mathurin
245 ## - TITLE STATEMENT
Title Modern French Course
260 ## - PUBLICATION, DISTRIBUTION, ETC. (IMPRINT)
Name of publisher, distributor, etc "George G। H।& Co।Ltd।,London।"
260 ## - PUBLICATION, DISTRIBUTION, ETC. (IMPRINT)
Date of publication, distribution, etc --
300 ## - PHYSICAL DESCRIPTION
Extent 546
600 ## - SUBJECT ADDED ENTRY--PERSONAL NAME
Personal name Dondo Mathurin
630 ## - SUBJECT ADDED ENTRY--UNIFORM TITLE
Uniform title Modern French Course
700 ## - ADDED ENTRY--PERSONAL NAME
Personal name Dondo Mathurin
730 ## - ADDED ENTRY--UNIFORM TITLE
Uniform title Modern French Course
942 ## - ADDED ENTRY ELEMENTS (KOHA)
Koha item type Book
Holdings
Withdrawn status Lost status Damaged status Not for loan Home library Current library Date acquired Cost, normal purchase price Total Checkouts Full call number Barcode Date last seen Cost, replacement price Price effective from Koha item type
        Hirachand Nemchand Wachanalaya, Solapur Hirachand Nemchand Wachanalaya, Solapur 11/21/2015 0.00   HNW-20384 HNW-20384 11/21/2015 0.00 11/21/2015 Book